Madonna - Frozen - Lyrics - Statistics

General Stats
  • This quiz has been taken 55 times
  • The average score is 170 of 201
Answer Stats
Answer % Correct
I
100%
You
100%
you
100%
a
97%
be
97%
frozen
97%
heart
97%
me
97%
When
97%
your
97%
could
94%
heart's
94%
no
94%
to
94%
want
94%
what
94%
can
91%
eyes
91%
If
91%
not
91%
only
91%
open
91%
see
91%
the
91%
You're
91%
it
88%
How
84%
how
84%
never
84%
and
81%
And
81%
key
81%
apart
78%
broken
78%
life
78%
regret
78%
get
75%
hold
75%
so
75%
with
75%
melt
72%
much
72%
We'd
72%
Give
69%
is
69%
Love
69%
yourself
69%
time
66%
waste
66%
will
66%
hate
63%
My
63%
needs
63%
she
63%
bird
59%
consumed
59%
fly
59%
in
59%
should
59%
know
56%
inside
53%
Let
53%
lose
53%
of
53%
same
53%
all
50%
die
50%
point
50%
suffer
50%
there's
50%
blame
47%
Now
47%
hurt
44%
placing
44%
No matching quizzes found
Score Distribution
Percent of People with Each Score
Percentile by Number Answered
Your Score History
You have not taken this quiz